000 00508nam a2200205Ia 4500
999 _c47542
_d47542
001 14406
003 GE_BSU
005 20221124102327.0
008 181216s2006||||enk|||||||||||||| ||eng||
020 _a9780263881011x
040 _cGE_BSU
041 _aeng
080 _a821.111-31 C-87
100 _aCraven, Sara
_916010
245 _aHis Independent Bride
_cSara Craven.
264 _aLondon:
_bMills & Boon,
_c2006.
300 _a186 p.;
_b17 cm.
653 _aHis Independent Bride
942 _cBK
_2udc